<?xml version="1.0" encoding="UTF-8"?>
<record
    xmlns:xsi="http://www.w3.org/2001/XMLSchema-instance"
    xsi:schemaLocation="http://www.loc.gov/MARC21/slim http://www.loc.gov/standards/marcxml/schema/MARC21slim.xsd"
    xmlns="http://www.loc.gov/MARC21/slim">

  <leader>00733nam a22002537a 4500</leader>
  <controlfield tag="003">UA-OsUOA</controlfield>
  <controlfield tag="001"> 43189 </controlfield>
  <controlfield tag="007">ta</controlfield>
  <controlfield tag="008">20061211b un ||||| |||| 00| 0 ukr d</controlfield>
  <datafield tag="100" ind1=" " ind2=" ">
    <subfield code="a">&#x413;&#x430;&#x43B;&#x443;&#x441; &#x41E;. &#x41C;.</subfield>
  </datafield>
  <datafield tag="700" ind1=" " ind2=" ">
    <subfield code="a">&#x428;&#x430;&#x43F;&#x43E;&#x448;&#x43D;&#x456;&#x43A;&#x43E;&#x432;&#x430; &#x41B;. &#x41C;.</subfield>
  </datafield>
  <datafield tag="090" ind1=" " ind2=" ">
    <subfield code="a">37.013.74(075.8)</subfield>
    <subfield code="b">&#x413;16</subfield>
  </datafield>
  <datafield tag="942" ind1=" " ind2=" ">
    <subfield code="c">BK</subfield>
  </datafield>
  <datafield tag="040" ind1=" " ind2=" ">
    <subfield code="a">UA-OsUOA</subfield>
    <subfield code="b">ukr</subfield>
    <subfield code="c">UA-OsUOA</subfield>
    <subfield code="d">UA-OsUOA</subfield>
  </datafield>
  <datafield tag="245" ind1=" " ind2=" ">
    <subfield code="a">&#x41F;&#x43E;&#x440;&#x456;&#x432;&#x43D;&#x44F;&#x43B;&#x44C;&#x43D;&#x430; &#x43F;&#x435;&#x434;&#x430;&#x433;&#x43E;&#x433;&#x456;&#x43A;&#x430;</subfield>
    <subfield code="b">&#x41D;&#x430;&#x432;&#x447;&#x430;&#x43B;&#x44C;&#x43D;&#x438;&#x439; &#x43F;&#x43E;&#x441;&#x456;&#x431;&#x43D;&#x438;&#x43A;</subfield>
  </datafield>
  <datafield tag="300" ind1=" " ind2=" ">
    <subfield code="a">215 &#x441;.</subfield>
  </datafield>
  <datafield tag="955" ind1=" " ind2=" ">
    <subfield code="a">2</subfield>
  </datafield>
  <datafield tag="041" ind1=" " ind2=" ">
    <subfield code="a">ukr</subfield>
  </datafield>
  <datafield tag="080" ind1=" " ind2=" ">
    <subfield code="a">37.013.74(075.8)</subfield>
  </datafield>
  <datafield tag="020" ind1=" " ind2=" ">
    <subfield code="a">966-642-171-2</subfield>
  </datafield>
  <datafield tag="260" ind1=" " ind2=" ">
    <subfield code="a">&#x41A;.</subfield>
    <subfield code="b">&#x412;&#x438;&#x449;&#x430; &#x448;&#x43A;&#x43E;&#x43B;&#x430;</subfield>
    <subfield code="c">2006</subfield>
  </datafield>
  <datafield tag="650" ind1=" " ind2="7">
    <subfield code="a">37.0 &#x41E;&#x441;&#x43D;&#x43E;&#x432;&#x43D;&#x456; &#x432;&#x438;&#x434;&#x438; &#x442;&#x430; &#x43F;&#x440;&#x438;&#x43D;&#x446;&#x438;&#x43F;&#x438; &#x43E;&#x441;&#x432;&#x456;&#x442;&#x438;</subfield>
    <subfield code="2">UDC</subfield>
  </datafield>
  <datafield tag="999" ind1=" " ind2=" ">
    <subfield code="c">329377</subfield>
    <subfield code="d">329377</subfield>
  </datafield>
  <datafield tag="952" ind1=" " ind2=" ">
    <subfield code="0">0</subfield>
    <subfield code="1">0</subfield>
    <subfield code="2">udc</subfield>
    <subfield code="4">0</subfield>
    <subfield code="7">0</subfield>
    <subfield code="a">101</subfield>
    <subfield code="b">101</subfield>
    <subfield code="d">2006-12-11</subfield>
    <subfield code="e">148/2006</subfield>
    <subfield code="g">14.07</subfield>
    <subfield code="i">101313</subfield>
    <subfield code="l">0</subfield>
    <subfield code="o">37.013.74(075.8) &#x413;16</subfield>
    <subfield code="p">101313</subfield>
    <subfield code="r">2021-12-21 00:00:00</subfield>
    <subfield code="w">2006-12-11</subfield>
    <subfield code="y">BK</subfield>
  </datafield>
  <datafield tag="952" ind1=" " ind2=" ">
    <subfield code="0">0</subfield>
    <subfield code="1">0</subfield>
    <subfield code="2">udc</subfield>
    <subfield code="4">0</subfield>
    <subfield code="7">0</subfield>
    <subfield code="a">101</subfield>
    <subfield code="b">101</subfield>
    <subfield code="d">2006-12-11</subfield>
    <subfield code="e">148/2006</subfield>
    <subfield code="g">14.07</subfield>
    <subfield code="i">101314</subfield>
    <subfield code="l">0</subfield>
    <subfield code="o">37.013.74(075.8) &#x413;16</subfield>
    <subfield code="p">101314</subfield>
    <subfield code="r">2021-12-21 00:00:00</subfield>
    <subfield code="w">2006-12-11</subfield>
    <subfield code="y">BK</subfield>
  </datafield>
  <datafield tag="952" ind1=" " ind2=" ">
    <subfield code="0">0</subfield>
    <subfield code="1">0</subfield>
    <subfield code="2">udc</subfield>
    <subfield code="4">0</subfield>
    <subfield code="7">0</subfield>
    <subfield code="a">101</subfield>
    <subfield code="b">101</subfield>
    <subfield code="d">2006-12-11</subfield>
    <subfield code="e">148/2006</subfield>
    <subfield code="g">14.07</subfield>
    <subfield code="i">101315</subfield>
    <subfield code="l">0</subfield>
    <subfield code="o">37.013.74(075.8) &#x413;16</subfield>
    <subfield code="p">101315</subfield>
    <subfield code="r">2021-12-21 00:00:00</subfield>
    <subfield code="w">2006-12-11</subfield>
    <subfield code="y">BK</subfield>
  </datafield>
  <datafield tag="952" ind1=" " ind2=" ">
    <subfield code="0">0</subfield>
    <subfield code="1">0</subfield>
    <subfield code="2">udc</subfield>
    <subfield code="4">0</subfield>
    <subfield code="7">0</subfield>
    <subfield code="a">101</subfield>
    <subfield code="b">101</subfield>
    <subfield code="d">2006-12-11</subfield>
    <subfield code="e">148/2006</subfield>
    <subfield code="g">14.07</subfield>
    <subfield code="i">101316</subfield>
    <subfield code="l">0</subfield>
    <subfield code="o">37.013.74(075.8) &#x413;16</subfield>
    <subfield code="p">101316</subfield>
    <subfield code="r">2021-12-21 00:00:00</subfield>
    <subfield code="w">2006-12-11</subfield>
    <subfield code="y">BK</subfield>
  </datafield>
  <datafield tag="952" ind1=" " ind2=" ">
    <subfield code="0">0</subfield>
    <subfield code="1">0</subfield>
    <subfield code="2">udc</subfield>
    <subfield code="4">0</subfield>
    <subfield code="7">0</subfield>
    <subfield code="a">101</subfield>
    <subfield code="b">101</subfield>
    <subfield code="d">2006-12-11</subfield>
    <subfield code="e">148/2006</subfield>
    <subfield code="g">14.07</subfield>
    <subfield code="i">101317</subfield>
    <subfield code="l">0</subfield>
    <subfield code="o">37.013.74(075.8) &#x413;16</subfield>
    <subfield code="p">101317</subfield>
    <subfield code="r">2021-12-21 00:00:00</subfield>
    <subfield code="w">2006-12-11</subfield>
    <subfield code="y">BK</subfield>
  </datafield>
  <datafield tag="952" ind1=" " ind2=" ">
    <subfield code="0">0</subfield>
    <subfield code="1">0</subfield>
    <subfield code="2">udc</subfield>
    <subfield code="4">0</subfield>
    <subfield code="7">0</subfield>
    <subfield code="a">101</subfield>
    <subfield code="b">101</subfield>
    <subfield code="d">2006-12-11</subfield>
    <subfield code="e">148/2006</subfield>
    <subfield code="g">14.07</subfield>
    <subfield code="i">101318</subfield>
    <subfield code="l">0</subfield>
    <subfield code="o">37.013.74(075.8) &#x413;16</subfield>
    <subfield code="p">101318</subfield>
    <subfield code="r">2021-12-21 00:00:00</subfield>
    <subfield code="w">2006-12-11</subfield>
    <subfield code="y">BK</subfield>
  </datafield>
  <datafield tag="952" ind1=" " ind2=" ">
    <subfield code="0">0</subfield>
    <subfield code="1">0</subfield>
    <subfield code="2">udc</subfield>
    <subfield code="4">0</subfield>
    <subfield code="7">0</subfield>
    <subfield code="a">101</subfield>
    <subfield code="b">101</subfield>
    <subfield code="d">2006-12-11</subfield>
    <subfield code="e">148/2006</subfield>
    <subfield code="g">14.07</subfield>
    <subfield code="i">101319</subfield>
    <subfield code="l">0</subfield>
    <subfield code="o">37.013.74(075.8) &#x413;16</subfield>
    <subfield code="p">101319</subfield>
    <subfield code="r">2021-12-21 00:00:00</subfield>
    <subfield code="w">2006-12-11</subfield>
    <subfield code="y">BK</subfield>
  </datafield>
  <datafield tag="952" ind1=" " ind2=" ">
    <subfield code="0">0</subfield>
    <subfield code="1">0</subfield>
    <subfield code="2">udc</subfield>
    <subfield code="4">0</subfield>
    <subfield code="7">0</subfield>
    <subfield code="a">101</subfield>
    <subfield code="b">101</subfield>
    <subfield code="d">2006-12-11</subfield>
    <subfield code="e">148/2006</subfield>
    <subfield code="g">14.07</subfield>
    <subfield code="i">101320</subfield>
    <subfield code="l">0</subfield>
    <subfield code="o">37.013.74(075.8) &#x413;16</subfield>
    <subfield code="p">101320</subfield>
    <subfield code="r">2021-12-21 00:00:00</subfield>
    <subfield code="w">2006-12-11</subfield>
    <subfield code="y">BK</subfield>
  </datafield>
  <datafield tag="952" ind1=" " ind2=" ">
    <subfield code="0">0</subfield>
    <subfield code="1">0</subfield>
    <subfield code="2">udc</subfield>
    <subfield code="4">0</subfield>
    <subfield code="7">0</subfield>
    <subfield code="a">101</subfield>
    <subfield code="b">101</subfield>
    <subfield code="d">2006-12-11</subfield>
    <subfield code="e">148/2006</subfield>
    <subfield code="g">14.07</subfield>
    <subfield code="i">101321</subfield>
    <subfield code="l">1</subfield>
    <subfield code="o">37.013.74(075.8) &#x413;16</subfield>
    <subfield code="p">101321</subfield>
    <subfield code="q">2019-10-23</subfield>
    <subfield code="r">2019-07-25 00:00:00</subfield>
    <subfield code="s">2019-07-25</subfield>
    <subfield code="w">2006-12-11</subfield>
    <subfield code="y">BK</subfield>
  </datafield>
  <datafield tag="952" ind1=" " ind2=" ">
    <subfield code="0">0</subfield>
    <subfield code="1">0</subfield>
    <subfield code="2">udc</subfield>
    <subfield code="4">0</subfield>
    <subfield code="7">0</subfield>
    <subfield code="a">101</subfield>
    <subfield code="b">101</subfield>
    <subfield code="d">2006-12-11</subfield>
    <subfield code="e">148/2006</subfield>
    <subfield code="g">14.07</subfield>
    <subfield code="i">101322</subfield>
    <subfield code="l">0</subfield>
    <subfield code="o">37.013.74(075.8) &#x413;16</subfield>
    <subfield code="p">101322</subfield>
    <subfield code="r">2021-12-21 00:00:00</subfield>
    <subfield code="w">2006-12-11</subfield>
    <subfield code="y">BK</subfield>
  </datafield>
  <datafield tag="952" ind1=" " ind2=" ">
    <subfield code="0">0</subfield>
    <subfield code="1">0</subfield>
    <subfield code="2">udc</subfield>
    <subfield code="4">0</subfield>
    <subfield code="7">0</subfield>
    <subfield code="a">101</subfield>
    <subfield code="b">101</subfield>
    <subfield code="d">2006-12-11</subfield>
    <subfield code="e">148/2006</subfield>
    <subfield code="g">14.07</subfield>
    <subfield code="i">101323</subfield>
    <subfield code="l">0</subfield>
    <subfield code="o">37.013.74(075.8) &#x413;16</subfield>
    <subfield code="p">101323</subfield>
    <subfield code="r">2021-12-21 00:00:00</subfield>
    <subfield code="w">2006-12-11</subfield>
    <subfield code="y">BK</subfield>
  </datafield>
  <datafield tag="952" ind1=" " ind2=" ">
    <subfield code="0">0</subfield>
    <subfield code="1">0</subfield>
    <subfield code="2">udc</subfield>
    <subfield code="4">0</subfield>
    <subfield code="7">0</subfield>
    <subfield code="a">101</subfield>
    <subfield code="b">101</subfield>
    <subfield code="d">2006-12-11</subfield>
    <subfield code="e">148/2006</subfield>
    <subfield code="g">14.07</subfield>
    <subfield code="i">101324</subfield>
    <subfield code="l">0</subfield>
    <subfield code="o">37.013.74(075.8) &#x413;16</subfield>
    <subfield code="p">101324</subfield>
    <subfield code="r">2021-12-21 00:00:00</subfield>
    <subfield code="w">2006-12-11</subfield>
    <subfield code="y">BK</subfield>
  </datafield>
  <datafield tag="952" ind1=" " ind2=" ">
    <subfield code="0">0</subfield>
    <subfield code="1">0</subfield>
    <subfield code="2">udc</subfield>
    <subfield code="4">0</subfield>
    <subfield code="7">0</subfield>
    <subfield code="a">101</subfield>
    <subfield code="b">101</subfield>
    <subfield code="d">2006-12-11</subfield>
    <subfield code="e">148/2006</subfield>
    <subfield code="g">14.07</subfield>
    <subfield code="i">101325</subfield>
    <subfield code="l">0</subfield>
    <subfield code="o">37.013.74(075.8) &#x413;16</subfield>
    <subfield code="p">101325</subfield>
    <subfield code="r">2021-12-21 00:00:00</subfield>
    <subfield code="w">2006-12-11</subfield>
    <subfield code="y">BK</subfield>
  </datafield>
  <datafield tag="952" ind1=" " ind2=" ">
    <subfield code="0">0</subfield>
    <subfield code="1">0</subfield>
    <subfield code="2">udc</subfield>
    <subfield code="4">0</subfield>
    <subfield code="7">0</subfield>
    <subfield code="a">101</subfield>
    <subfield code="b">101</subfield>
    <subfield code="d">2006-12-11</subfield>
    <subfield code="e">148/2006</subfield>
    <subfield code="g">14.07</subfield>
    <subfield code="i">101326</subfield>
    <subfield code="l">0</subfield>
    <subfield code="o">37.013.74(075.8) &#x413;16</subfield>
    <subfield code="p">101326</subfield>
    <subfield code="r">2021-12-21 00:00:00</subfield>
    <subfield code="w">2006-12-11</subfield>
    <subfield code="y">BK</subfield>
  </datafield>
  <datafield tag="952" ind1=" " ind2=" ">
    <subfield code="0">0</subfield>
    <subfield code="1">0</subfield>
    <subfield code="2">udc</subfield>
    <subfield code="4">0</subfield>
    <subfield code="7">0</subfield>
    <subfield code="a">101</subfield>
    <subfield code="b">101</subfield>
    <subfield code="d">2006-12-11</subfield>
    <subfield code="e">148/2006</subfield>
    <subfield code="g">14.07</subfield>
    <subfield code="i">101327</subfield>
    <subfield code="l">0</subfield>
    <subfield code="o">37.013.74(075.8) &#x413;16</subfield>
    <subfield code="p">101327</subfield>
    <subfield code="r">2021-12-21 00:00:00</subfield>
    <subfield code="w">2006-12-11</subfield>
    <subfield code="y">BK</subfield>
  </datafield>
  <datafield tag="952" ind1=" " ind2=" ">
    <subfield code="0">0</subfield>
    <subfield code="1">0</subfield>
    <subfield code="2">udc</subfield>
    <subfield code="4">0</subfield>
    <subfield code="7">0</subfield>
    <subfield code="a">102</subfield>
    <subfield code="b">102</subfield>
    <subfield code="d">2006-12-11</subfield>
    <subfield code="e">148/2006</subfield>
    <subfield code="g">14.07</subfield>
    <subfield code="i">101328</subfield>
    <subfield code="l">0</subfield>
    <subfield code="o">37.013.74(075.8) &#x413;16</subfield>
    <subfield code="p">101328</subfield>
    <subfield code="r">2021-11-17 00:00:00</subfield>
    <subfield code="w">2006-12-11</subfield>
    <subfield code="y">BK</subfield>
  </datafield>
  <datafield tag="952" ind1=" " ind2=" ">
    <subfield code="0">0</subfield>
    <subfield code="1">0</subfield>
    <subfield code="2">udc</subfield>
    <subfield code="4">0</subfield>
    <subfield code="7">0</subfield>
    <subfield code="a">102</subfield>
    <subfield code="b">102</subfield>
    <subfield code="d">2006-12-11</subfield>
    <subfield code="e">148/2006</subfield>
    <subfield code="g">14.07</subfield>
    <subfield code="i">101329</subfield>
    <subfield code="l">0</subfield>
    <subfield code="o">37.013.74(075.8) &#x413;16</subfield>
    <subfield code="p">101329</subfield>
    <subfield code="r">2021-11-17 00:00:00</subfield>
    <subfield code="w">2006-12-11</subfield>
    <subfield code="y">BK</subfield>
  </datafield>
  <datafield tag="952" ind1=" " ind2=" ">
    <subfield code="0">0</subfield>
    <subfield code="1">0</subfield>
    <subfield code="2">udc</subfield>
    <subfield code="4">0</subfield>
    <subfield code="7">0</subfield>
    <subfield code="a">102</subfield>
    <subfield code="b">102</subfield>
    <subfield code="d">2006-12-11</subfield>
    <subfield code="e">148/2006</subfield>
    <subfield code="g">14.07</subfield>
    <subfield code="i">101330</subfield>
    <subfield code="l">0</subfield>
    <subfield code="o">37.013.74(075.8) &#x413;16</subfield>
    <subfield code="p">101330</subfield>
    <subfield code="r">2021-11-17 00:00:00</subfield>
    <subfield code="w">2006-12-11</subfield>
    <subfield code="y">BK</subfield>
  </datafield>
  <datafield tag="952" ind1=" " ind2=" ">
    <subfield code="0">0</subfield>
    <subfield code="1">0</subfield>
    <subfield code="2">udc</subfield>
    <subfield code="4">0</subfield>
    <subfield code="7">0</subfield>
    <subfield code="a">102</subfield>
    <subfield code="b">102</subfield>
    <subfield code="d">2006-12-11</subfield>
    <subfield code="e">148/2006</subfield>
    <subfield code="g">14.07</subfield>
    <subfield code="i">101331</subfield>
    <subfield code="l">0</subfield>
    <subfield code="o">37.013.74(075.8) &#x413;16</subfield>
    <subfield code="p">101331</subfield>
    <subfield code="r">2021-11-17 00:00:00</subfield>
    <subfield code="w">2006-12-11</subfield>
    <subfield code="y">BK</subfield>
  </datafield>
  <datafield tag="952" ind1=" " ind2=" ">
    <subfield code="0">0</subfield>
    <subfield code="1">0</subfield>
    <subfield code="2">udc</subfield>
    <subfield code="4">0</subfield>
    <subfield code="7">0</subfield>
    <subfield code="a">102</subfield>
    <subfield code="b">102</subfield>
    <subfield code="d">2006-12-11</subfield>
    <subfield code="e">148/2006</subfield>
    <subfield code="g">14.07</subfield>
    <subfield code="i">101332</subfield>
    <subfield code="l">1</subfield>
    <subfield code="o">37.013.74(075.8) &#x413;16</subfield>
    <subfield code="p">101332</subfield>
    <subfield code="r">2021-11-17 00:00:00</subfield>
    <subfield code="s">2019-07-25</subfield>
    <subfield code="w">2006-12-11</subfield>
    <subfield code="y">BK</subfield>
  </datafield>
</record>
